Chistes para desorientar a la poesía o la madurez de un hablante peregrino /
Gorde:
| Egile nagusia: | |
|---|---|
| Formatua: | Ezezaguna |
| Hizkuntza: | Spanish |
| Argitaratua: |
San José, Costa Rica
Editorial de la Universidad de Costa Rica
2000
|
| Gaiak: | |
| Etiketak: |
Etiketa erantsi
Etiketarik gabe, Izan zaitez lehena erregistro honi etiketa jartzen!
|
MARC
| LEADER | 000000000a22000000004500 | ||
|---|---|---|---|
| 001 | 002104 | ||
| 008 | 140617s2000 cr ||||| |||| 10| 0 spa d | ||
| 041 | 0 | |a español | |
| 082 | |a 410.06 |b C749o | ||
| 100 | 1 | |a Casasa Núñez, Laura | |
| 245 | 1 | 0 | |a Chistes para desorientar a la poesía o la madurez de un hablante peregrino / |c Laura Casasa Núñez |
| 260 | |a San José, Costa Rica |b Editorial de la Universidad de Costa Rica |c 2000 | ||
| 300 | |a 147-152 páginas | ||
| 500 | |a número de inscripción 05564 -- En: VII Congreso Costarricense de Filologia, Linguística y Literatura Dr. Jack Wilson Kilburn | ||
| 650 | 4 | |a LITERATURA LATINOAMERICANA |v POESIA | |
| 650 | 4 | |a CRITICAS | |
| 942 | |2 ddc |c AM | ||
| 999 | |c 2973 |d 2973 | ||
